000 03741nam a22003255i 4500
999 _c11301
_d11301
001 18977831
003 GZU
005 20240521094513.0
008 160216s2016 mau 000 0 eng
010 _a 2016933608
020 _a9780128008065
022 _a.
040 _aDLC
_beng
_erda
_cDLC
042 _apcc
050 _aTA174
_bARO 2017
100 1 _aArora, Jasbir.
_eauthor
_qJasbir Singh Arora
245 1 0 _aIntroduction to optimum design /
_cJasbir Arora.
250 _aFourth edition.
264 1 _aCambridge, MA :
_bElsevier,
_c2017.
300 _axxi, 945 pages cm
_billustrations
336 _atext
_btxt
_2rdacontent
337 _aunmediated
_bn
_2rdamedia
338 _avolume
_bnc
_2rdacarrier
504 _aIncludes bibliographical references and index
505 _aIntroduction to design optimization -- Optimum design problem formulation -- Graphical optimization and basic concepts -- Optimum design concepts: optimality conditions -- More on optimum design concepts: optimality conditions -- Optimum design with Excel Solver -- Optimum design with MATLAB -- Linear programming methods for optimum design -- More on linear programming methods for optimum design -- Numerical methods for unconstrained optimum design -- More on numerical methods for unconstrained optimum design -- Numerical methods for constrained optimum design -- More on numerical methods for constrained optimum design -- Practical applications of optimization -- Discrete variable optimum design concepts and methods -- Genetic algorithms for optimum design -- Multi-objective optimum design concepts and methods -- Global optimization concepts and methods -- Nature-inspired search methods -- Additional topics on optimum design
520 _aIntroduction to Optimum Design is the most widely used textbook in engineering optimization and optimum design courses. It is intended for use in a first course on engineering design and optimization at the undergraduate or graduate level within engineering departments of all disciplines, but primarily within mechanical, aerospace and civil engineering. The basic approach of the text is to describe an organized approach to engineering design optimization in a rigorous yet simplified manner, illustrate various concepts and procedures with simple examples, and demonstrate their applicability to engineering design problems. Formulation of a design problem as an optimization problem is emphasized and illustrated throughout the text. Excel and MATLAB are featured throughout as learning and teaching aids. The 3rd edition has been reorganized and enhanced with new material, making the book even more appealing to instructors regardless of the level they teach the course. Examples include moving the introductory chapter on Excel and MATLAB closer to the front of the book and adding an early chapter on practical design examples for the more introductory course, and including a final chapter on advanced topics for the purely graduate level course. Basic concepts of optimality conditions and numerical methods are described with simple and practical examples, making the material highly teachable and learnable. Applications of the methods for structural, mechanical, aerospace and industrial engineering problems. Introduction to MATLAB Optimization Toolbox. Optimum design with Excel Solver has been expanded into a full chapter. Practical design examples introduce students to usage of optimization methods early in the book. New material on several advanced optimum design topics serves the needs of instructors teaching more advanced courses
906 _a0
_bibc
_corignew
_d2
_eepcn
_f20
_gy-gencatlg
942 _2lcc
_cBK
_eFourth edition
_h174
_iARO
_kTA